00318nam a2200121Ia 4500008004100000041000800041082001500049100001700064245004500081260003100126300003000157365000900187240624s9999 xx 000 0 und d aeng a302.35 MIN aMINER JOHN B aORGANIZATIONAL BEHAVIOR 3 HISTORICAL ORI c2006aNew YorkbM E Sharpe axv, : 317 : p. : cm. ; 25 cb25